00273nam a2200121Ia 4500003000400000005001700004008004100021020001900062040001000081100002100091245002100112260001800133OSt20240316120554.0170524s9999 xx 000 0 und d a978-9332587090 cIIMTU aSTILL- RICHARD R 0aSALES MANAGEMENT bPHI NEW DELHI